Ekologická daňová reforma v České republice - nejasné perspektivy

Obsahové vymedzenie ekologickej dane. Systémové podmienky realizácie ekologickej daňovej reformy v Čechách. Mikroekonomické riziká. Makroekonomické aspekty. Možné scenáre postupu do roku 2004.

Guardado en:
Detalles Bibliográficos
Autor principal: Ježek, Petr
Formato: Capítulo de libro
Lenguaje:checo
Materias:
Etiquetas: Agregar Etiqueta
Sin Etiquetas, Sea el primero en etiquetar este registro!

MARC

LEADER 00000naa a2200000 4500
001 r046574
005 20231003115323.3
041 0 |a cze 
044 |a CZ 
245 1 0 |a Ekologická daňová reforma v České republice - nejasné perspektivy  |c Petr Ježek 
520 |a Obsahové vymedzenie ekologickej dane. Systémové podmienky realizácie ekologickej daňovej reformy v Čechách. Mikroekonomické riziká. Makroekonomické aspekty. Možné scenáre postupu do roku 2004. 
610 2 0 |a dane ekologické 
610 2 0 |a ekológia 
610 2 0 |a Česko 
610 2 0 |a reformy daňové 
610 2 0 |a Európska únia 
610 2 0 |a makroekonomika 
610 2 0 |a mikroekonomika 
610 2 0 |a aproximácia práva 
100 1 |a Ježek, Petr